Svensson - Pověst o žití a úprku 1. díl /
Uloženo v:
| Hlavní autor: | |
|---|---|
| Médium: | E-kniha |
| Jazyk: | Czech |
| Vydáno: |
Praha :
Albatros Media a.s.,
2001
|
| Tagy: |
Žádné tagy |
| LEADER | 00877nam a22002177i 4500 | ||
|---|---|---|---|
| 001 | 308142 | ||
| 007 | ta | ||
| 008 | 260601s2001 xr ||||| |||| 00| 0 cze d | ||
| 020 | |a 9990000085903 | ||
| 044 | |a xr | ||
| 100 | 1 | |a Franěk, Jiří |4 aut | |
| 245 | 1 | 0 | |a Svensson - Pověst o žití a úprku 1. díl / |c Franěk, Jiří |
| 264 | 1 | |a Praha : |b Albatros Media a.s., |c 2001 | |
| 300 | |a 1 online zdroj | ||
| 336 | |a text |b txt |2 rdacontent | ||
| 337 | |a bez média |b n |2 rdamedia | ||
| 338 | |a online zdroj |b cr |2 rdacarrier | ||
| 910 | |a RBIT002 | ||
| 998 | |d 8590 |a https://core.palmknihy.cz/api/books/8590/cover?b86lke |b https://core.palmknihy.cz/api/books/8590/cover/400?ozg6of |c https://core.palmknihy.cz/api/books/8590/cover/50?rs1icm |e |i 9990000085903 |j https://core.palmknihy.cz/api/books/8590/preview.epub |l |q 0 |r 1 |s https://www.palmknihy.cz/kniha/8590 |t ebook |y 2001 |z 1 | ||
| 999 | |d 308140 | ||